000 00299nam a22001217a 4500
003 OSt
005 20241128143956.0
008 241128b |||||||| |||| 00| 0 eng d
040 _c
245 _aApplied Physics
_cMaiti,Kakuli A
260 _bNirali Prakashan
_c2024
942 _2ddc
_cBK
_k530/MAI
_mMAI
_n0
999 _c36114
_d36114